Kapitalistické monopoly a jejich boj

Guardado en:
Detalles Bibliográficos
Formato: Libro
Lenguaje:checo
Publicado: Praha Orbis 1951
Etiquetas: Agregar Etiqueta
Sin Etiquetas, Sea el primero en etiquetar este registro!

MARC

LEADER 00000nam a2200000 4500
001 0311921
005 20250821100131.7
041 0 |a cze 
044 |a CZ 
245 1 0 |a Kapitalistické monopoly a jejich boj 
264 1 |a Praha  |b Orbis  |c 1951